[Event "MCR junioru 2024"]
[Site "Jaromerice nad Rokytnou, Czech Republic"]
[Date "????.??.??"]
[Round "6.3"]
[White "Jares, Michal"]
[Black "Bokhnak, Timofey"]
[Result "1-0"]
[WhiteClock "00:32:58"]
[BlackClock "00:03:07"]
[WhiteFideId "386839"]
[BlackFideId "14172976"]
[WhiteElo "2347"]
[BlackElo "2241"]

1. Nf3 {[%clk 01:30:58]} {[%emt 00:00:02]} d5 {[%clk 01:30:37]} {[%emt
00:00:23]} 2. g3 {[%clk 01:31:25]} {[%emt 00:00:03]} Nf6 {[%clk 01:30:57]}
{[%emt 00:00:10]} 3. Bg2 {[%clk 01:31:53]} {[%emt 00:00:03]} g6 {[%clk
01:30:47]} {[%emt 00:00:39]} 4. c4 {[%clk 01:30:26]} {[%emt 00:01:56]} c6
{[%clk 01:30:33]} {[%emt 00:00:44]} 5. d4 {[%clk 01:30:41]} {[%emt 00:00:15]}
Bg7 {[%clk 01:30:48]} {[%emt 00:00:15]} 6. O-O {[%clk 01:31:07]} {[%emt
00:00:04]} O-O {[%clk 01:31:07]} {[%emt 00:00:10]} 7. Qb3 {[%clk 01:31:06]}
{[%emt 00:00:32]} dxc4 {[%clk 01:28:57]} {[%emt 00:02:40]} 8. Qxc4 {[%clk
01:31:33]} {[%emt 00:00:02]} Nbd7 {[%clk 01:23:54]} {[%emt 00:05:34]} 9. Qc2
{[%clk 01:26:17]} {[%emt 00:05:46]} Nb6 {[%clk 01:16:31]} {[%emt 00:07:53]} 10.
Nc3 {[%clk 01:26:43]} {[%emt 00:00:03]} Bg4 {[%clk 01:03:47]} {[%emt 00:13:14]}
11. Rd1 {[%clk 01:26:27]} {[%emt 00:00:46]} Qc8 {[%clk 00:57:22]} {[%emt
00:06:55]} 12. Bg5 {[%clk 01:20:30]} {[%emt 00:06:26]} h6 {[%clk 00:49:50]}
{[%emt 00:08:03]} 13. Bf4 {[%clk 01:17:49]} {[%emt 00:03:11]} Nfd5 {[%clk
00:46:09]} {[%emt 00:04:11]} 14. Be5 {[%clk 01:12:55]} {[%emt 00:05:24]} f6
{[%clk 00:42:19]} {[%emt 00:04:20]} 15. Bf4 {[%clk 01:11:55]} {[%emt 00:01:30]}
Nxf4 {[%clk 00:37:47]} {[%emt 00:05:02]} 16. gxf4 {[%clk 01:12:10]} {[%emt
00:00:15]} Qf5 {[%clk 00:32:16]} {[%emt 00:06:01]} 17. Qxf5 {[%clk 01:10:45]}
{[%emt 00:01:55]} Bxf5 {[%clk 00:32:34]} {[%emt 00:00:13]} 18. Nh4 {[%clk
01:10:22]} {[%emt 00:00:52]} Kf7 {[%clk 00:29:59]} {[%emt 00:03:05]} 19. Nxf5
{[%clk 01:09:38]} {[%emt 00:01:15]} gxf5 {[%clk 00:30:27]} {[%emt 00:00:02]} 20.
d5 {[%clk 01:08:02]} {[%emt 00:02:06]} Rac8 {[%clk 00:29:23]} {[%emt 00:01:34]}
21. Rac1 {[%clk 01:06:11]} {[%emt 00:02:20]} Nxd5 {[%clk 00:22:58]} {[%emt
00:06:55]} 22. Nxd5 {[%clk 01:06:14]} {[%emt 00:00:27]} cxd5 {[%clk 00:23:24]}
{[%emt 00:00:04]} 23. Bxd5+ {[%clk 01:06:01]} {[%emt 00:00:43]} e6 {[%clk
00:23:48]} {[%emt 00:00:07]} 24. Bxb7 {[%clk 01:06:17]} {[%emt 00:00:15]} Rxc1
{[%clk 00:24:13]} {[%emt 00:00:04]} 25. Rxc1 {[%clk 01:06:43]} {[%emt
00:00:04]} Re8 {[%clk 00:24:31]} {[%emt 00:00:12]} 26. Bf3 {[%clk 01:06:38]}
{[%emt 00:00:36]} Kg6 {[%clk 00:23:55]} {[%emt 00:01:05]} 27. Rc7 {[%clk
01:06:24]} {[%emt 00:00:44]} e5 {[%clk 00:23:15]} {[%emt 00:01:10]} 28. Rxa7
{[%clk 01:04:12]} {[%emt 00:02:43]} Bf8 {[%clk 00:22:41]} {[%emt 00:01:03]} 29.
Bd5 {[%clk 01:03:58]} {[%emt 00:00:45]} Re7 {[%clk 00:19:48]} {[%emt 00:03:22]}
30. Ra8 {[%clk 01:02:56]} {[%emt 00:01:32]} Kg7 {[%clk 00:19:58]} {[%emt
00:00:20]} 31. a4 {[%clk 01:01:35]} {[%emt 00:01:52]} exf4 {[%clk 00:19:32]}
{[%emt 00:00:56]} 32. Bc4 {[%clk 01:01:32]} {[%emt 00:00:32]} f3 {[%clk
00:18:40]} {[%emt 00:01:22]} 33. exf3 {[%clk 00:58:30]} {[%emt 00:03:31]} Re1+
{[%clk 00:18:34]} {[%emt 00:00:36]} 34. Kg2 {[%clk 00:58:58]} {[%emt 00:00:02]}
Bc5 {[%clk 00:18:08]} {[%emt 00:00:56]} 35. Rg8+ {[%clk 00:58:54]} {[%emt
00:00:35]} Kh7 {[%clk 00:18:37]} {[%emt 00:00:01]} 36. Rc8 {[%clk 00:58:27]}
{[%emt 00:00:57]} Bd4 {[%clk 00:18:40]} {[%emt 00:00:26]} 37. b4 {[%clk
00:58:13]} {[%emt 00:00:46]} Rb1 {[%clk 00:18:59]} {[%emt 00:00:10]} 38. Bg8+
{[%clk 00:57:51]} {[%emt 00:00:52]} Kg6 {[%clk 00:17:53]} {[%emt 00:01:37]} 39.
Rc4 {[%clk 00:57:54]} {[%emt 00:00:26]} Ba7 {[%clk 00:17:44]} {[%emt 00:00:39]}
40. b5 {[%clk 00:53:03]} {[%emt 00:05:22]} Rb2 {[%clk 00:18:00]} {[%emt
00:00:13]} 41. Bh7+ {[%clk 00:53:05]} {[%emt 00:00:28]} Kh5 {[%clk 00:15:30]}
{[%emt 00:03:00]} 42. Kh3 {[%clk 00:50:20]} {[%emt 00:03:14]} Rxf2 {[%clk
00:12:50]} {[%emt 00:03:11]} 43. Kg3 {[%clk 00:46:26]} {[%emt 00:04:24]} Be3
{[%clk 00:07:50]} {[%emt 00:05:30]} 44. Bxf5 {[%clk 00:39:01]} {[%emt
00:07:55]} Kg5 {[%clk 00:07:44]} {[%emt 00:00:34]} 45. Bd7 {[%clk 00:32:17]}
{[%emt 00:07:16]} h5 {[%clk 00:05:00]} {[%emt 00:03:13]} 46. f4+ {[%clk
00:29:44]} {[%emt 00:03:04]} Kh6 {[%clk 00:04:11]} {[%emt 00:01:17]} 47. h4
{[%clk 00:25:53]} {[%emt 00:04:23]} Ra2 {[%clk 00:27:00]} {[%emt 00:07:40]} 48.
Bf5 {[%clk 00:54:09]} {[%emt 00:02:14]} Kg7 {[%clk 00:27:13]} {[%emt 00:00:18]}
49. Rc7+ {[%clk 00:53:19]} {[%emt 00:01:20]} Kf8 {[%clk 00:27:33]} {[%emt
00:00:09]} 50. Rc8+ {[%clk 00:53:29]} {[%emt 00:00:21]} Ke7 {[%clk 00:27:40]}
{[%emt 00:00:21]} 51. Ra8 {[%clk 00:53:18]} {[%emt 00:00:43]} Ra3 {[%clk
00:27:38]} {[%emt 00:00:31]} 52. Be4 {[%clk 00:52:43]} {[%emt 00:01:07]} Bd2+
{[%clk 00:26:00]} {[%emt 00:02:07]} 53. Bf3 {[%clk 00:52:44]} {[%emt 00:00:29]}
Be1+ {[%clk 00:25:10]} {[%emt 00:01:21]} 54. Kg2 {[%clk 00:53:11]} {[%emt
00:00:02]} Ra2+ {[%clk 00:25:35]} {[%emt 00:00:05]} 55. Kh1 {[%clk 00:47:15]}
{[%emt 00:06:26]} Rb2 {[%clk 00:17:50]} {[%emt 00:08:16]} 56. Bc6 {[%clk
00:39:43]} {[%emt 00:08:01]} Kd6 {[%clk 00:16:05]} {[%emt 00:02:14]} 57. a5
{[%clk 00:39:32]} {[%emt 00:00:42]} Ra2 {[%clk 00:13:25]} {[%emt 00:03:10]} 58.
Rd8+ {[%clk 00:38:08]} {[%emt 00:01:54]} Kc5 {[%clk 00:13:07]} {[%emt
00:00:49]} 59. Rd5+ {[%clk 00:38:35]} {[%emt 00:00:02]} Kb4 {[%clk 00:12:39]}
{[%emt 00:00:58]} 60. b6 {[%clk 00:38:16]} {[%emt 00:00:49]} Bf2 {[%clk
00:11:06]} {[%emt 00:02:02]} 61. b7 {[%clk 00:36:13]} {[%emt 00:02:34]} Ba7
{[%clk 00:11:07]} {[%emt 00:00:29]} 62. Rd8 {[%clk 00:35:49]} {[%emt 00:00:54]}
Kc5 {[%clk 00:09:53]} {[%emt 00:01:44]} 63. Ra8 {[%clk 00:35:26]} {[%emt
00:00:53]} Bb8 {[%clk 00:08:44]} {[%emt 00:01:39]} 64. Bf3 {[%clk 00:33:50]}
{[%emt 00:02:06]} Bxf4 {[%clk 00:08:32]} {[%emt 00:00:42]} 65. a6 {[%clk
00:33:58]} {[%emt 00:00:22]} Kd4 {[%clk 00:07:20]} {[%emt 00:01:41]} 66. a7
{[%clk 00:32:49]} {[%emt 00:01:41]} Ra1+ {[%clk 00:02:55]} {[%emt 00:04:54]} 67.
Kg2 {[%clk 00:33:17]} {[%emt 00:00:02]} Ra2+ {[%clk 00:03:20]} {[%emt
00:00:05]} 68. Be2 {[%clk 00:32:49]} {[%emt 00:00:58]} Rxe2+ {[%clk 00:03:42]}
{[%emt 00:00:07]} 69. Kf3 {[%clk 00:32:58]} {[%emt 00:00:21]} Kd5 {[%emt
00:01:00]} 70. Ke4+ 1-0

[Event "MCR junioru 2024"]
[Site "Jaromerice nad Rokytnou, Czech Republic"]
[Date "????.??.??"]
[Round "7.3"]
[White "Paseka, Matyas"]
[Black "Seidl, Jan"]
[Result "*"]
[WhiteClock "00:09:54"]
[BlackClock "00:37:44"]
[ReferenceTime "B/2024-03-13T13:02:18.055+01:00"]
[WhiteFideId "23703296"]
[BlackFideId "23714522"]
[WhiteElo "2233"]
[BlackElo "2230"]

1. e4 {[%clk 01:30:55]} {[%emt 00:00:04]} c6 {[%clk 01:30:48]} {[%emt
00:00:12]} 2. Nc3 {[%clk 01:31:09]} {[%emt 00:00:17]} d5 {[%clk 01:31:14]}
{[%emt 00:00:04]} 3. Nf3 {[%clk 01:31:34]} {[%emt 00:00:05]} Bg4 {[%clk
01:31:18]} {[%emt 00:00:26]} 4. h3 {[%clk 01:31:54]} {[%emt 00:00:10]} Bxf3
{[%clk 01:31:41]} {[%emt 00:00:07]} 5. Qxf3 {[%clk 01:32:19]} {[%emt 00:00:05]}
e6 {[%clk 01:32:04]} {[%emt 00:00:07]} 6. g3 {[%clk 01:32:34]} {[%emt
00:00:15]} Nf6 {[%clk 01:27:37]} {[%emt 00:04:57]} 7. Bg2 {[%clk 01:32:16]}
{[%emt 00:00:48]} Bb4 {[%clk 01:24:49]} {[%emt 00:03:18]} 8. O-O {[%clk
00:59:08]} {[%emt 00:33:38]} Bxc3 {[%clk 01:21:10]} {[%emt 00:04:09]} 9. Qxc3
{[%clk 00:59:18]} {[%emt 00:00:20]} dxe4 {[%clk 01:21:22]} {[%emt 00:00:17]} 10.
Re1 {[%clk 00:59:07]} {[%emt 00:00:41]} Nbd7 {[%clk 01:19:49]} {[%emt
00:02:05]} 11. b3 {[%clk 00:53:36]} {[%emt 00:06:00]} Qb6 {[%clk 01:13:39]}
{[%emt 00:06:40]} 12. Bxe4 {[%clk 00:47:22]} {[%emt 00:06:44]} Nxe4 {[%clk
01:13:55]} {[%emt 00:00:14]} 13. Rxe4 {[%clk 00:47:47]} {[%emt 00:00:05]} Nf6
{[%clk 01:14:06]} {[%emt 00:00:18]} 14. Re2 {[%clk 00:46:28]} {[%emt 00:01:49]}
O-O {[%clk 01:08:27]} {[%emt 00:06:10]} 15. Bb2 {[%clk 00:46:49]} {[%emt
00:00:08]} Rfd8 {[%clk 01:05:48]} {[%emt 00:03:09]} 16. Qf3 {[%clk 00:41:50]}
{[%emt 00:05:30]} Rd5 {[%clk 01:01:57]} {[%emt 00:04:20]} 17. c4 {[%clk
00:29:40]} {[%emt 00:12:40]} Rf5 {[%clk 01:02:09]} {[%emt 00:00:18]} 18. Qc3
{[%clk 00:29:24]} {[%emt 00:00:45]} h5 {[%clk 00:58:19]} {[%emt 00:04:21]} 19.
Kg2 {[%clk 00:26:36]} {[%emt 00:03:18]} Qc7 {[%clk 00:52:48]} {[%emt 00:06:00]}
20. Rae1 {[%clk 00:25:22]} {[%emt 00:01:44]} Rg5 {[%clk 00:52:15]} {[%emt
00:01:04]} 21. Re5 {[%clk 00:22:41]} {[%emt 00:03:10]} Rg6 {[%clk 00:52:29]}
{[%emt 00:00:16]} 22. h4 {[%clk 00:22:53]} {[%emt 00:00:18]} Rd8 {[%clk
00:45:24]} {[%emt 00:07:36]} 23. Rg5 {[%clk 00:21:29]} {[%emt 00:01:53]} Qd6
{[%clk 00:45:24]} {[%emt 00:00:31]} 24. Rxg6 {[%clk 00:13:15]} {[%emt
00:08:44]} fxg6 {[%clk 00:45:48]} {[%emt 00:00:06]} 25. d4 {[%clk 00:13:17]}
{[%emt 00:00:28]} a6 {[%clk 00:41:36]} {[%emt 00:04:41]} 26. Re5 {[%clk
00:11:41]} {[%emt 00:02:06]} Qd7 {[%clk 00:40:32]} {[%emt 00:01:34]} 27. Qd3
{[%clk 00:07:43]} {[%emt 00:04:28]} Qf7 {[%clk 00:40:55]} {[%emt 00:00:07]} 28.
Rg5 {[%clk 00:08:03]} {[%emt 00:00:10]} Kh7 {[%clk 00:40:31]} {[%emt 00:00:53]}
29. f3 {[%clk 00:08:05]} {[%emt 00:00:28]} b5 {[%clk 00:39:28]} {[%emt
00:01:34]} 30. Ba3 {[%clk 00:05:06]} {[%emt 00:03:29]} Kg8 {[%clk 00:36:39]}
{[%emt 00:03:18]} 31. Bb2 {[%clk 00:03:39]} {[%emt 00:01:58]} Kh7 {[%clk
00:37:04]} {[%emt 00:00:04]} 32. Kg1 {[%clk 00:01:38]} {[%emt 00:02:31]} Rb8
{[%clk 00:35:05]} {[%emt 00:02:29]} 33. Ba3 {[%clk 00:01:37]} {[%emt 00:00:32]}
Rd8 {[%clk 00:34:07]} {[%emt 00:01:27]} 34. Bc5 {[%clk 00:01:43]} {[%emt
00:00:25]} e5 {[%clk 00:28:37]} {[%emt 00:06:00]} 35. Rxe5 {[%clk 00:01:59]}
{[%emt 00:00:13]} Nd7 {[%clk 00:29:01]} {[%emt 00:00:05]} 36. Rxh5+ {[%clk
00:02:10]} {[%emt 00:00:20]} Kg8 {[%clk 00:29:25]} {[%emt 00:00:07]} 37. Rg5
{[%clk 00:02:32]} {[%emt 00:00:07]} Nxc5 {[%clk 00:29:48]} {[%emt 00:00:06]} 38.
Rxc5 {[%clk 00:02:59]} {[%emt 00:00:04]} Qf6 {[%clk 00:30:10]} {[%emt
00:00:08]} 39. Rg5 {[%clk 00:00:40]} {[%emt 00:02:49]} bxc4 {[%clk 00:27:30]}
{[%emt 00:03:11]} 40. Qxc4+ {[%clk 00:00:49]} {[%emt 00:00:21]} Kh7 {[%clk
00:27:53]} {[%emt 00:00:07]} 41. Kg2 {[%clk 00:17:37]} {[%emt 00:13:41]} Rxd4
{[%clk 00:57:51]} {[%emt 00:00:32]} 42. Qc2 {[%clk 00:17:45]} {[%emt 00:00:22]}
Qd6 {[%clk 00:56:16]} {[%emt 00:02:06]} 43. Kh3 {[%clk 00:18:00]} {[%emt
00:00:14]} Qe6+ {[%clk 00:47:09]} {[%emt 00:09:37]} 44. Rg4 {[%clk 00:18:25]}
{[%emt 00:00:05]} Rxg4 {[%clk 00:45:36]} {[%emt 00:02:04]} 45. fxg4 {[%clk
00:18:51]} {[%emt 00:00:03]} Qd5 {[%clk 00:46:00]} {[%emt 00:00:05]} 46. Kh2
{[%clk 00:13:48]} {[%emt 00:05:34]} Qf3 {[%clk 00:38:27]} {[%emt 00:08:03]} 47.
Qg2 {[%clk 00:14:01]} {[%emt 00:00:17]} Qc3 {[%clk 00:37:45]} {[%emt 00:01:12]}
48. Qe4 {[%clk 00:09:54]} {[%emt 00:04:38]} *

[Event "MCR junioru 2024"]
[Site "Jaromerice nad Rokytnou, Czech Republic"]
[Date "????.??.??"]
[Round "7.5"]
[White "Bohacek, Jan Andrej"]
[Black "Jares, Michal"]
[Result "*"]
[WhiteClock "00:07:50"]
[BlackClock "00:40:00"]
[ReferenceTime "W/2024-03-13T13:04:37.143+01:00"]
[WhiteFideId "23727357"]
[BlackFideId "386839"]
[WhiteElo "2140"]
[BlackElo "2347"]

1. d4 {[%clk 01:30:41]} {[%emt 00:00:18]} d5 {[%emt 00:00:13]} 2. c4 {[%clk
01:31:02]} e6 {[%clk 01:31:25]} {[%emt 00:00:02]} 3. g3 {[%clk 01:30:12]}
{[%emt 00:01:21]} Nf6 {[%clk 01:31:46]} {[%emt 00:00:09]} 4. Bg2 {[%clk
01:30:15]} {[%emt 00:00:27]} Bb4+ {[%clk 01:31:57]} {[%emt 00:00:18]} 5. Nd2
{[%clk 01:30:37]} {[%emt 00:00:08]} O-O {[%clk 01:31:58]} {[%emt 00:00:30]} 6.
Ngf3 {[%clk 01:30:59]} {[%emt 00:00:07]} dxc4 {[%clk 01:31:45]} {[%emt
00:00:42]} 7. Qc2 {[%clk 01:30:52]} {[%emt 00:00:37]} b5 {[%clk 01:28:38]}
{[%emt 00:03:38]} 8. a4 {[%clk 01:30:39]} {[%emt 00:00:43]} bxa4 {[%clk
01:20:58]} {[%emt 00:08:11]} 9. O-O {[%clk 01:28:25]} {[%emt 00:02:44]} Bb7
{[%clk 01:20:59]} {[%emt 00:00:29]} 10. Nxc4 {[%clk 01:26:50]} {[%emt
00:02:06]} a5 {[%clk 01:19:41]} {[%emt 00:01:47]} 11. Rd1 {[%clk 01:13:02]}
{[%emt 00:14:18]} Nbd7 {[%clk 01:18:09]} {[%emt 00:02:02]} 12. Nfe5 {[%clk
00:58:08]} {[%emt 00:15:24]} Bxg2 {[%clk 01:17:08]} {[%emt 00:01:31]} 13. Kxg2
{[%clk 00:58:30]} {[%emt 00:00:08]} Qc8 {[%clk 01:16:51]} {[%emt 00:00:47]} 14.
Qxa4 {[%clk 00:55:01]} {[%emt 00:03:59]} Nxe5 {[%clk 01:13:21]} {[%emt
00:04:01]} 15. Nxe5 {[%clk 00:53:56]} {[%emt 00:01:35]} c5 {[%clk 01:09:36]}
{[%emt 00:04:15]} 16. Bg5 {[%clk 00:38:08]} {[%emt 00:16:18]} Ne4 {[%clk
00:56:17]} {[%emt 00:13:49]} 17. Be7 {[%clk 00:35:17]} {[%emt 00:03:21]} Re8
{[%clk 00:56:26]} {[%emt 00:00:21]} 18. Bxc5 {[%clk 00:34:13]} {[%emt
00:01:34]} Nxc5 {[%clk 00:55:05]} {[%emt 00:01:51]} 19. dxc5 {[%clk 00:34:36]}
{[%emt 00:00:08]} Qxc5 {[%clk 00:54:56]} {[%emt 00:00:38]} 20. Nc6 {[%clk
00:26:26]} {[%emt 00:08:38]} Rac8 {[%clk 00:30:40]} {[%emt 00:24:48]} 21. Nxb4
{[%clk 00:21:45]} {[%emt 00:05:11]} axb4 {[%clk 00:29:59]} {[%emt 00:01:10]} 22.
Rac1 {[%clk 00:20:01]} {[%emt 00:02:14]} Qf8 {[%clk 00:29:47]} {[%emt
00:00:43]} 23. Rxc8 {[%clk 00:18:37]} {[%emt 00:01:53]} Rxc8 {[%clk 00:30:15]}
{[%emt 00:00:02]} 24. Rd4 {[%clk 00:17:41]} {[%emt 00:01:27]} Rb8 {[%clk
00:30:40]} {[%emt 00:00:05]} 25. b3 {[%clk 00:17:31]} {[%emt 00:00:39]} g6
{[%clk 00:29:01]} {[%emt 00:02:09]} 26. Qa7 {[%clk 00:14:26]} {[%emt 00:03:34]}
Rd8 {[%clk 00:27:17]} {[%emt 00:02:16]} 27. Rf4 {[%clk 00:11:09]} {[%emt
00:03:47]} e5 {[%clk 00:25:37]} {[%emt 00:02:10]} 28. Rc4 {[%clk 00:07:23]}
{[%emt 00:04:15]} Rc8 {[%clk 00:23:15]} {[%emt 00:02:53]} 29. Rc7 {[%clk
00:05:03]} {[%emt 00:02:49]} Rxc7 {[%clk 00:22:43]} {[%emt 00:01:03]} 30. Qxc7
{[%clk 00:05:26]} {[%emt 00:00:06]} Qa8+ {[%clk 00:23:00]} {[%emt 00:00:14]} 31.
f3 {[%clk 00:03:41]} {[%emt 00:02:14]} e4 {[%clk 00:23:29]} {[%emt 00:00:02]}
32. Qc4 {[%clk 00:02:11]} {[%emt 00:02:00]} exf3+ {[%clk 00:23:54]} {[%emt
00:00:05]} 33. exf3 {[%clk 00:02:35]} {[%emt 00:00:06]} Qa2+ {[%clk 00:24:04]}
{[%emt 00:00:20]} 34. Kh3 {[%clk 00:01:36]} {[%emt 00:01:29]} Qd2 {[%clk
00:24:32]} {[%emt 00:00:02]} 35. Qe4 {[%clk 00:00:53]} {[%emt 00:01:12]} Qc3
{[%clk 00:24:43]} {[%emt 00:00:19]} 36. Qd5 {[%clk 00:00:55]} {[%emt 00:00:28]}
h5 {[%clk 00:24:48]} {[%emt 00:00:25]} 37. Qd8+ {[%clk 00:00:54]} {[%emt
00:00:32]} Kg7 {[%clk 00:25:16]} {[%emt 00:00:02]} 38. Qd5 {[%clk 00:01:11]}
{[%emt 00:00:13]} f6 {[%clk 00:25:07]} {[%emt 00:00:40]} 39. Kg2 {[%clk
00:00:51]} {[%emt 00:00:49]} g5 {[%clk 00:24:18]} {[%emt 00:01:19]} 40. Qd7+
{[%clk 00:00:41]} {[%emt 00:00:40]} Kh6 {[%clk 00:23:17]} {[%emt 00:01:31]} 41.
Qd5 {[%clk 00:21:44]} {[%emt 00:09:26]} g4 {[%clk 00:49:49]} {[%emt 00:03:58]}
42. f4 {[%clk 00:19:13]} {[%emt 00:03:01]} h4 {[%clk 00:46:57]} {[%emt
00:03:22]} 43. gxh4 {[%clk 00:18:48]} {[%emt 00:00:55]} Qh3+ {[%clk 00:47:07]}
{[%emt 00:00:20]} 44. Kg1 {[%clk 00:19:04]} {[%emt 00:00:14]} g3 {[%clk
00:46:16]} {[%emt 00:01:22]} 45. hxg3 {[%clk 00:17:54]} {[%emt 00:01:39]} Qxg3+
{[%clk 00:46:38]} {[%emt 00:00:07]} 46. Kf1 {[%clk 00:14:51]} {[%emt 00:03:33]}
Qxf4+ {[%clk 00:45:37]} {[%emt 00:01:32]} 47. Ke2 {[%clk 00:14:01]} {[%emt
00:01:21]} Qxh4 {[%clk 00:45:24]} {[%emt 00:00:42]} 48. Qd2+ {[%clk 00:12:57]}
{[%emt 00:01:35]} Kg6 {[%clk 00:45:17]} {[%emt 00:00:37]} 49. Qd8 {[%clk
00:10:35]} {[%emt 00:02:51]} Qh2+ {[%clk 00:39:32]} {[%emt 00:06:15]} 50. Kd1
{[%clk 00:07:50]} {[%emt 00:03:15]} Qg1+ {[%clk 00:40:00]} {[%emt 00:00:02]} *

[Event "MCR junioru 2024"]
[Site "Jaromerice nad Rokytnou, Czech Republic"]
[Date "????.??.??"]
[Round "7.6"]
[White "Hak, David"]
[Black "Frank, Adam"]
[Result "*"]
[WhiteClock "00:23:01"]
[BlackClock "00:25:42"]
[ReferenceTime "W/2024-03-13T13:00:47.265+01:00"]
[WhiteFideId "377007"]
[BlackFideId "384720"]
[WhiteElo "2283"]
[BlackElo "2284"]

1. d4 {[%clk 01:30:28]} {[%emt 00:00:32]} Nf6 {[%clk 01:30:49]} {[%emt
00:00:07]} 2. c4 {[%clk 01:30:51]} {[%emt 00:00:10]} g6 {[%clk 01:31:16]}
{[%emt 00:00:04]} 3. Nc3 {[%clk 01:31:14]} {[%emt 00:00:07]} Bg7 {[%clk
01:31:43]} {[%emt 00:00:03]} 4. e4 {[%clk 01:31:36]} {[%emt 00:00:08]} d6
{[%clk 01:32:09]} {[%emt 00:00:03]} 5. Nf3 {[%clk 01:31:46]} {[%emt 00:00:20]}
O-O {[%clk 01:32:33]} {[%emt 00:00:06]} 6. Be2 {[%clk 01:32:09]} {[%emt
00:00:06]} e5 {[%clk 01:33:00]} {[%emt 00:00:04]} 7. O-O {[%clk 01:32:17]}
{[%emt 00:00:22]} h6 {[%clk 01:33:25]} {[%emt 00:00:05]} 8. d5 {[%clk
01:30:35]} {[%emt 00:02:13]} Nbd7 {[%clk 01:33:49]} {[%emt 00:00:06]} 9. Ne1
{[%clk 01:21:30]} {[%emt 00:09:35]} Nc5 {[%clk 01:33:40]} {[%emt 00:00:40]} 10.
f3 {[%clk 01:20:20]} {[%emt 00:01:39]} a5 {[%clk 01:34:04]} {[%emt 00:00:06]}
11. Be3 {[%clk 01:16:29]} {[%emt 00:04:21]} Bd7 {[%clk 01:30:01]} {[%emt
00:04:33]} 12. Nd3 {[%clk 01:03:12]} {[%emt 00:13:46]} b6 {[%clk 01:29:24]}
{[%emt 00:01:08]} 13. Qd2 {[%clk 01:00:37]} {[%emt 00:03:04]} Kh7 {[%clk
01:08:06]} {[%emt 00:21:49]} 14. g4 {[%clk 00:46:50]} {[%emt 00:14:17]} Ng8
{[%clk 01:06:43]} {[%emt 00:01:52]} 15. Nxc5 {[%clk 00:39:39]} {[%emt
00:07:41]} bxc5 {[%clk 01:06:52]} {[%emt 00:00:21]} 16. Bd3 {[%clk 00:39:54]}
{[%emt 00:00:14]} Ne7 {[%clk 00:52:39]} {[%emt 00:14:44]} 17. Ne2 {[%clk
00:40:00]} {[%emt 00:00:24]} f5 {[%clk 00:50:55]} {[%emt 00:02:15]} 18. exf5
{[%clk 00:39:23]} {[%emt 00:01:06]} gxf5 {[%clk 00:51:17]} {[%emt 00:00:08]} 19.
Ng3 {[%clk 00:39:02]} {[%emt 00:00:51]} Qe8 {[%clk 00:42:40]} {[%emt 00:09:08]}
20. Kh1 {[%clk 00:36:30]} {[%emt 00:03:01]} Rb8 {[%clk 00:40:05]} {[%emt
00:03:05]} 21. Nh5 {[%clk 00:29:59]} {[%emt 00:07:01]} Qg6 {[%clk 00:34:08]}
{[%emt 00:06:28]} 22. Qxa5 {[%clk 00:18:50]} {[%emt 00:11:39]} e4 {[%clk
00:25:52]} {[%emt 00:08:45]} 23. Qxc7 {[%clk 00:14:47]} {[%emt 00:04:33]} exd3
{[%clk 00:26:18]} {[%emt 00:00:04]} 24. Qxd7 {[%clk 00:15:02]} {[%emt
00:00:15]} Rf7 {[%clk 00:26:44]} {[%emt 00:00:04]} 25. Qe6 {[%clk 00:11:46]}
{[%emt 00:03:45]} Rxb2 {[%clk 00:22:52]} {[%emt 00:04:23]} 26. Nxg7 {[%clk
00:07:37]} {[%emt 00:04:39]} Rxg7 {[%clk 00:23:03]} {[%emt 00:00:19]} 27. Bf4
{[%clk 00:05:48]} {[%emt 00:02:19]} fxg4 {[%clk 00:12:58]} {[%emt 00:10:35]} 28.
Bxd6 {[%clk 00:05:31]} {[%emt 00:00:47]} Nf5 {[%clk 00:12:17]} {[%emt
00:01:11]} 29. Be5 {[%clk 00:00:52]} {[%emt 00:05:08]} g3 {[%clk 00:12:34]}
{[%emt 00:00:13]} 30. Qxg6+ {[%clk 00:01:04]} {[%emt 00:00:19]} Rxg6 {[%clk
00:13:00]} {[%emt 00:00:04]} 31. Bxb2 {[%clk 00:01:10]} {[%emt 00:00:24]} g2+
{[%clk 00:13:26]} {[%emt 00:00:05]} 32. Kg1 {[%clk 00:01:39]} gxf1=Q+ {[%clk
00:13:50]} {[%emt 00:00:05]} 33. Kxf1 {[%clk 00:02:04]} {[%emt 00:00:04]} Ne3+
{[%clk 00:14:15]} {[%emt 00:00:05]} 34. Kf2 {[%clk 00:02:29]} {[%emt 00:00:06]}
Nxc4 {[%clk 00:14:40]} {[%emt 00:00:05]} 35. Bc3 {[%clk 00:02:06]} {[%emt
00:00:53]} Na3 {[%clk 00:07:33]} {[%emt 00:07:37]} 36. Re1 {[%clk 00:00:44]}
{[%emt 00:01:52]} Rd6 {[%clk 00:07:59]} {[%emt 00:00:04]} 37. Re7+ {[%clk
00:00:54]} {[%emt 00:00:20]} Kg8 {[%clk 00:08:15]} {[%emt 00:00:14]} 38. Rg7+
{[%clk 00:00:55]} {[%emt 00:00:29]} Kf8 {[%clk 00:08:38]} {[%emt 00:00:06]} 39.
Rc7 {[%clk 00:01:09]} {[%emt 00:00:17]} Nb1 {[%clk 00:05:43]} {[%emt 00:03:25]}
40. Rxc5 {[%clk 00:00:40]} {[%emt 00:00:58]} Nxc3 {[%clk 00:03:02]} {[%emt
00:03:12]} 41. Rxc3 {[%clk 00:29:24]} {[%emt 00:01:46]} Rxd5 {[%clk 00:33:28]}
{[%emt 00:00:03]} 42. Ke1 {[%clk 00:28:50]} {[%emt 00:01:05]} Re5+ {[%clk
00:32:18]} {[%emt 00:01:40]} 43. Kd1 {[%clk 00:27:50]} {[%emt 00:01:30]} Re2
{[%clk 00:32:37]} {[%emt 00:00:10]} 44. a3 {[%clk 00:27:41]} {[%emt 00:00:39]}
Rxh2 {[%clk 00:28:03]} {[%emt 00:05:04]} 45. Rxd3 {[%clk 00:27:40]} {[%emt
00:00:31]} h5 {[%clk 00:26:38]} {[%emt 00:01:56]} 46. Rd2 {[%clk 00:24:49]}
{[%emt 00:03:21]} Rh1+ {[%clk 00:26:20]} {[%emt 00:00:48]} 47. Ke2 {[%clk
00:23:02]} {[%emt 00:02:16]} h4 {[%clk 00:25:42]} {[%emt 00:01:09]} *